[Event "DEM U10w 2023"]
[Site "Willingen GER"]
[Date "2023.05.28"]
[Round "2"]
[White "Birkenheier, Larissa"]
[Black "Lola, Georgia-Maria"]
[Result "0-1"]
[Termination "normal"]
[Board "5"]
[WhiteElo "1210"]
[BlackElo "1293"]
[WhiteClock "00:14:19"]
[BlackClock "00:51:37"]
[PlyCount "140"]
[WhiteFideId "34626379"]
[BlackFideId "34629335"]
[EventCountry "GER"]
[EventRounds "11"]
[EventType "swiss"]
[EventDate "2023.05.27"]

1. e4 {[%clk 01:15:56]} {[%emt 00:00:04]} e5 {[%clk 01:15:54]} {[%emt
00:00:06]} 2. Nf3 {[%clk 01:16:17]} {[%emt 00:00:09]} Nc6 {[%clk 01:16:18]}
{[%emt 00:00:06]} 3. Bc4 {[%clk 01:16:19]} {[%emt 00:00:28]} Bc5 {[%clk
01:16:37]} {[%emt 00:00:10]} 4. d3 {[%clk 01:16:01]} {[%emt 00:00:48]} h6
{[%clk 01:16:25]} {[%emt 00:00:42]} 5. c3 {[%clk 01:15:42]} {[%emt 00:00:51]}
Nge7 {[%clk 01:14:30]} {[%emt 00:02:23]} 6. a4 {[%clk 01:12:51]} {[%emt
00:03:22]} a5 {[%clk 01:10:33]} {[%emt 00:04:20]} 7. d4 {[%clk 01:09:57]}
{[%emt 00:03:30]} exd4 {[%clk 01:09:51]} {[%emt 00:01:13]} 8. cxd4 {[%clk
01:09:26]} {[%emt 00:01:01]} Ba7 {[%clk 01:07:51]} {[%emt 00:02:27]} 9. Nc3
{[%clk 01:07:03]} {[%emt 00:02:55]} Ng6 {[%clk 01:06:08]} {[%emt 00:02:07]} 10.
Be3 {[%clk 01:03:06]} {[%emt 00:04:33]} O-O {[%clk 01:05:21]} {[%emt 00:01:17]}
11. O-O {[%clk 01:01:08]} {[%emt 00:02:27]} Nh4 {[%clk 00:59:48]} {[%emt
00:06:00]} 12. Nb5 {[%clk 00:55:13]} {[%emt 00:06:30]} Bb8 {[%clk 00:55:16]}
{[%emt 00:05:02]} 13. d5 {[%clk 00:51:37]} {[%emt 00:04:05]} Nxf3+ {[%clk
00:55:32]} {[%emt 00:00:14]} 14. Qxf3 {[%clk 00:51:51]} {[%emt 00:00:17]} Ne5
{[%clk 00:55:51]} {[%emt 00:00:07]} 15. Qe2 {[%clk 00:50:34]} {[%emt 00:01:51]}
Nxc4 {[%clk 00:56:01]} {[%emt 00:00:20]} 16. Qxc4 {[%clk 00:50:30]} {[%emt
00:00:34]} c6 {[%clk 00:55:46]} {[%emt 00:00:43]} 17. Nc3 {[%clk 00:46:54]}
{[%emt 00:04:08]} Qc7 {[%clk 00:55:26]} {[%emt 00:00:46]} 18. g3 {[%clk
00:46:07]} {[%emt 00:01:21]} b6 {[%clk 00:55:29]} {[%emt 00:00:19]} 19. Bf4
{[%clk 00:44:32]} {[%emt 00:02:12]} Qa7 {[%clk 00:53:23]} {[%emt 00:02:32]} 20.
Bxb8 {[%clk 00:42:20]} {[%emt 00:02:46]} Rxb8 {[%clk 00:53:49]} {[%emt
00:00:05]} 21. dxc6 {[%clk 00:41:44]} {[%emt 00:01:06]} Ba6 {[%clk 00:53:24]}
{[%emt 00:00:53]} 22. Nb5 {[%clk 00:40:46]} {[%emt 00:01:30]} Bxb5 {[%clk
00:52:39]} {[%emt 00:01:15]} 23. Qxb5 {[%clk 00:41:06]} {[%emt 00:00:09]} dxc6
{[%clk 00:52:55]} {[%emt 00:00:14]} 24. Qxc6 {[%clk 00:41:15]} {[%emt
00:00:21]} Rbc8 {[%clk 00:53:04]} {[%emt 00:00:20]} 25. Qd5 {[%clk 00:38:39]}
{[%emt 00:03:07]} Rfd8 {[%clk 00:53:20]} {[%emt 00:00:12]} 26. Qf5 {[%clk
00:38:26]} {[%emt 00:00:44]} Rc5 {[%clk 00:53:35]} {[%emt 00:00:15]} 27. Qf4
{[%clk 00:37:53]} {[%emt 00:01:04]} Re8 {[%clk 00:53:05]} {[%emt 00:00:56]} 28.
Rac1 {[%clk 00:36:51]} {[%emt 00:01:35]} Rce5 {[%clk 00:52:38]} {[%emt
00:00:54]} 29. Rc4 {[%clk 00:33:08]} {[%emt 00:04:17]} g5 {[%clk 00:52:22]}
{[%emt 00:00:45]} 30. Qf3 {[%clk 00:32:52]} {[%emt 00:00:47]} Qb7 {[%clk
00:51:31]} {[%emt 00:01:16]} 31. Re1 {[%clk 00:31:58]} {[%emt 00:01:29]} b5
{[%clk 00:51:11]} {[%emt 00:00:51]} 32. axb5 {[%clk 00:30:58]} {[%emt
00:01:30]} Qxb5 {[%clk 00:51:37]} {[%emt 00:00:03]} 33. Rc7 {[%clk 00:29:53]}
{[%emt 00:01:35]} Rf8 {[%clk 00:51:23]} {[%emt 00:00:39]} 34. Rd1 {[%clk
00:26:52]} {[%emt 00:03:36]} Qb6 {[%clk 00:48:39]} {[%emt 00:03:08]} 35. Rdd7
{[%clk 00:25:52]} {[%emt 00:01:37]} Qg6 {[%clk 00:48:29]} {[%emt 00:00:35]} 36.
Ra7 {[%clk 00:23:00]} {[%emt 00:03:27]} Rxe4 {[%clk 00:47:58]} {[%emt
00:01:01]} 37. Rxa5 {[%clk 00:21:05]} {[%emt 00:02:25]} g4 {[%clk 00:48:00]}
{[%emt 00:00:25]} 38. Qc3 {[%clk 00:19:48]} {[%emt 00:01:49]} Qe6 {[%clk
00:47:48]} {[%emt 00:00:31]} 39. Rd1 {[%clk 00:19:22]} {[%emt 00:01:08]} Re8
{[%clk 00:47:34]} {[%emt 00:00:35]} 40. Raa1 {[%clk 00:19:14]} {[%emt
00:00:47]} Rc8 {[%clk 00:47:51]} {[%emt 00:00:10]} 41. Qa5 {[%clk 00:18:14]}
{[%emt 00:01:33]} Re5 {[%clk 00:48:03]} {[%emt 00:00:13]} 42. Qa2 {[%clk
00:17:06]} {[%emt 00:01:43]} Qb6 {[%clk 00:47:19]} {[%emt 00:01:11]} 43. Qa6
{[%clk 00:16:14]} {[%emt 00:01:25]} Qc7 {[%clk 00:46:51]} {[%emt 00:00:57]} 44.
Qxh6 {[%clk 00:15:09]} {[%emt 00:01:35]} Qc5 {[%clk 00:46:17]} {[%emt
00:01:00]} 45. Qc1 {[%clk 00:14:51]} {[%emt 00:00:52]} Qf8 {[%clk 00:46:14]}
{[%emt 00:00:33]} 46. Qf4 {[%clk 00:14:21]} {[%emt 00:01:00]} Qg7 {[%clk
00:46:03]} {[%emt 00:00:38]} 47. Rd7 {[%clk 00:13:40]} {[%emt 00:01:14]} Re2
{[%clk 00:45:52]} {[%emt 00:00:38]} 48. b4 {[%clk 00:12:01]} {[%emt 00:02:12]}
Qxa1+ {[%clk 00:46:16]} {[%emt 00:00:06]} 49. Kg2 {[%clk 00:12:15]} {[%emt
00:00:16]} Qg7 {[%clk 00:45:03]} {[%emt 00:01:40]} 50. b5 {[%clk 00:10:57]}
{[%emt 00:01:51]} Qg6 {[%clk 00:45:06]} {[%emt 00:00:21]} 51. b6 {[%clk
00:08:45]} {[%emt 00:02:49]} Qc6+ {[%clk 00:45:27]} {[%emt 00:00:07]} 52. Kf1
{[%clk 00:08:48]} {[%emt 00:00:28]} Qxd7 {[%clk 00:45:07]} {[%emt 00:00:51]}
53. Kxe2 {[%clk 00:08:52]} {[%emt 00:00:26]} Rc2+ {[%clk 00:45:30]} {[%emt
00:00:07]} 54. Ke3 {[%clk 00:09:00]} {[%emt 00:00:21]} Qd2+ {[%clk 00:45:46]}
{[%emt 00:00:14]} 55. Ke4 {[%clk 00:09:13]} {[%emt 00:00:17]} Rc4+ {[%clk
00:46:10]} {[%emt 00:00:06]} 56. Ke5 {[%clk 00:09:30]} {[%emt 00:00:14]} Rxf4
{[%clk 00:46:27]} {[%emt 00:00:13]} 57. gxf4 {[%clk 00:09:48]} {[%emt
00:00:11]} Qb2+ {[%clk 00:46:49]} {[%emt 00:00:08]} 58. Ke4 {[%clk 00:10:05]}
{[%emt 00:00:14]} Qe2+ {[%clk 00:47:08]} {[%emt 00:00:10]} 59. Kd5 {[%clk
00:10:24]} {[%emt 00:00:12]} Qb5+ {[%clk 00:47:25]} {[%emt 00:00:12]} 60. Ke4
{[%clk 00:10:45]} {[%emt 00:00:09]} f5+ {[%clk 00:47:49]} {[%emt 00:00:06]} 61.
Ke3 {[%clk 00:11:02]} {[%emt 00:00:13]} Qxb6+ {[%clk 00:48:13]} {[%emt
00:00:06]} 62. Kd3 {[%clk 00:11:17]} {[%emt 00:00:15]} Qxf2 {[%clk 00:48:31]}
{[%emt 00:00:09]} 63. Kc4 {[%clk 00:11:43]} {[%emt 00:00:07]} Qxf4+ {[%clk
00:48:54]} {[%emt 00:00:07]} 64. Kc5 {[%clk 00:12:05]} {[%emt 00:00:09]} Qxh2
{[%clk 00:49:19]} {[%emt 00:00:05]} 65. Kc4 {[%clk 00:12:27]} {[%emt 00:00:07]}
g3 {[%clk 00:49:43]} {[%emt 00:00:07]} 66. Kd5 {[%clk 00:12:52]} {[%emt
00:00:05]} g2 {[%clk 00:50:07]} {[%emt 00:00:06]} 67. Kc4 {[%clk 00:13:12]}
{[%emt 00:00:10]} g1=Q {[%clk 00:50:28]} {[%emt 00:00:07]} 68. Kd5 {[%clk
00:13:35]} {[%emt 00:00:08]} Qe2 {[%clk 00:50:47]} {[%emt 00:00:11]} 69. Kd6
{[%clk 00:13:59]} {[%emt 00:00:08]} Qgd1+ {[%clk 00:51:12]} {[%emt 00:00:03]}
70. Kc5 {[%clk 00:14:19]} {[%emt 00:00:11]} Qec2+ {[%clk 00:51:37]} {[%emt
00:00:05]} 0-1

[Event "DEM U10w 2023"]
[Site "Willingen GER"]
[Date "2023.05.28"]
[Round "2"]
[White "Bacakova, Klara"]
[Black "Gubler, Sarah"]
[Result "1/2-1/2"]
[Termination "normal"]
[Board "6"]
[WhiteElo "1289"]
[BlackElo "1139"]
[WhiteClock "00:03:25"]
[BlackClock "00:58:51"]
[PlyCount "127"]
[WhiteFideId "34605762"]
[EventCountry "GER"]
[EventRounds "11"]
[EventType "swiss"]
[EventDate "2023.05.27"]

1. e4 {[%clk 01:15:57]} {[%emt 00:00:02]} e5 {[%clk 01:16:17]} {[%emt
00:00:13]} 2. Nf3 {[%clk 01:16:20]} {[%emt 00:00:06]} Nc6 {[%clk 01:16:42]}
{[%emt 00:00:06]} 3. Bc4 {[%clk 01:16:43]} {[%emt 00:00:08]} Bc5 {[%clk
01:17:05]} {[%emt 00:00:06]} 4. c3 {[%clk 01:17:05]} {[%emt 00:00:08]} Nf6
{[%clk 01:17:31]} {[%emt 00:00:04]} 5. d3 {[%clk 01:17:27]} {[%emt 00:00:08]}
d5 {[%clk 01:17:17]} {[%emt 00:00:45]} 6. exd5 {[%clk 01:17:44]} {[%emt
00:00:12]} Nxd5 {[%clk 01:17:40]} {[%emt 00:00:07]} 7. Bb3 {[%clk 01:14:32]}
{[%emt 00:03:42]} O-O {[%clk 01:17:13]} {[%emt 00:00:57]} 8. O-O {[%clk
01:14:33]} {[%emt 00:00:29]} Re8 {[%clk 01:14:58]} {[%emt 00:02:45]} 9. Re1
{[%clk 01:10:09]} {[%emt 00:04:54]} Bf5 {[%clk 01:12:18]} {[%emt 00:03:10]} 10.
Bg5 {[%clk 01:07:39]} {[%emt 00:03:01]} Nf6 {[%clk 01:12:17]} {[%emt 00:00:31]}
11. Bc2 {[%clk 01:04:34]} {[%emt 00:03:34]} h6 {[%clk 01:11:15]} {[%emt
00:01:31]} 12. Bh4 {[%clk 01:04:09]} {[%emt 00:00:55]} e4 {[%clk 01:10:19]}
{[%emt 00:01:28]} 13. dxe4 {[%clk 01:02:20]} {[%emt 00:02:18]} Qxd1 {[%clk
01:09:54]} {[%emt 00:00:55]} 14. Rxd1 {[%clk 01:02:04]} {[%emt 00:00:46]} Nxe4
{[%clk 01:09:41]} {[%emt 00:00:44]} 15. Nbd2 {[%clk 00:59:18]} {[%emt
00:03:15]} Nxf2 {[%clk 01:09:11]} {[%emt 00:01:00]} 16. Bxf2 {[%clk 00:56:41]}
{[%emt 00:03:07]} Bxf2+ {[%clk 01:09:31]} {[%emt 00:00:10]} 17. Kxf2 {[%clk
00:56:56]} {[%emt 00:00:14]} Bxc2 {[%clk 01:09:49]} {[%emt 00:00:14]} 18. Rdc1
{[%clk 00:56:01]} {[%emt 00:01:25]} Bd3 {[%clk 01:09:06]} {[%emt 00:01:12]} 19.
Re1 {[%clk 00:53:05]} {[%emt 00:03:26]} Rad8 {[%clk 01:07:57]} {[%emt
00:01:39]} 20. Rad1 {[%clk 00:50:48]} {[%emt 00:02:46]} Bc2 {[%clk 01:06:31]}
{[%emt 00:01:55]} 21. Rc1 {[%clk 00:49:47]} {[%emt 00:01:33]} Rxe1 {[%clk
01:06:42]} {[%emt 00:00:18]} 22. Rxe1 {[%clk 00:49:40]} {[%emt 00:00:38]} b5
{[%clk 01:05:50]} {[%emt 00:01:20]} 23. Kg1 {[%clk 00:41:32]} {[%emt 00:08:39]}
b4 {[%clk 01:05:49]} {[%emt 00:00:32]} 24. Rc1 {[%clk 00:37:50]} {[%emt
00:04:11]} Bf5 {[%clk 01:04:37]} {[%emt 00:01:41]} 25. cxb4 {[%clk 00:37:34]}
{[%emt 00:00:48]} Nxb4 {[%clk 01:04:13]} {[%emt 00:00:53]} 26. Rxc7 {[%clk
00:37:14]} {[%emt 00:00:51]} Nd3 {[%clk 01:02:55]} {[%emt 00:01:48]} 27. b3
{[%clk 00:31:33]} {[%emt 00:06:12]} a6 {[%clk 01:01:13]} {[%emt 00:02:08]} 28.
Ra7 {[%clk 00:29:53]} {[%emt 00:02:13]} Rd6 {[%clk 01:01:16]} {[%emt 00:00:26]}
29. h3 {[%clk 00:25:28]} {[%emt 00:04:56]} Rg6 {[%clk 01:01:15]} {[%emt
00:00:30]} 30. Nh4 {[%clk 00:25:08]} {[%emt 00:00:48]} Rg3 {[%clk 01:00:46]}
{[%emt 00:01:01]} 31. Nxf5 {[%clk 00:24:41]} {[%emt 00:00:57]} Rg5 {[%clk
01:00:59]} {[%emt 00:00:14]} 32. Ne3 {[%clk 00:21:47]} {[%emt 00:03:28]} Re5
{[%clk 01:01:11]} {[%emt 00:00:16]} 33. Ndc4 {[%clk 00:21:47]} {[%emt
00:00:32]} Re6 {[%clk 01:00:02]} {[%emt 00:00:16]} 34. Kf1 {[%clk 00:21:01]}
{[%emt 00:02:39]} f5 {[%clk 01:00:18]} {[%emt 00:00:14]} 35. Ke2 {[%clk
00:19:28]} {[%emt 00:02:02]} Nc1+ {[%clk 00:59:57]} {[%emt 00:00:52]} 36. Kd2
{[%clk 00:18:52]} {[%emt 00:01:06]} Nxa2 {[%clk 01:00:16]} {[%emt 00:00:11]}
37. Nxf5 {[%clk 00:19:09]} {[%emt 00:00:13]} Rf6 {[%clk 01:00:06]} {[%emt
00:00:38]} 38. Rxg7+ {[%clk 00:18:42]} {[%emt 00:00:59]} Kf8 {[%clk 00:59:01]}
{[%emt 00:01:32]} 39. Ncd6 {[%clk 00:18:37]} {[%emt 00:00:38]} Rxd6+ {[%clk
00:58:57]} {[%emt 00:00:34]} 40. Nxd6 {[%clk 00:18:26]} {[%emt 00:00:41]} Kxg7
{[%clk 00:59:19]} {[%emt 00:00:08]} 41. Ne4 {[%clk 00:17:28]} {[%emt 00:01:28]}
Kg6 {[%clk 00:58:48]} {[%emt 00:01:00]} 42. Nc5 {[%clk 00:17:04]} {[%emt
00:00:55]} Nb4 {[%clk 00:59:03]} {[%emt 00:00:15]} 43. Kc3 {[%clk 00:10:43]}
{[%emt 00:06:51]} Nd5+ {[%clk 00:59:15]} {[%emt 00:00:15]} 44. Kd4 {[%clk
00:10:05]} {[%emt 00:01:11]} Nc7 {[%clk 00:59:27]} {[%emt 00:00:17]} 45. Kc4
{[%clk 00:10:16]} {[%emt 00:00:20]} Kg5 {[%clk 00:58:36]} {[%emt 00:01:18]} 46.
g3 {[%clk 00:10:26]} {[%emt 00:00:23]} a5 {[%clk 00:58:47]} {[%emt 00:00:17]}
47. Nb7 {[%clk 00:10:10]} {[%emt 00:00:48]} h5 {[%clk 00:57:34]} {[%emt
00:01:43]} 48. Nxa5 {[%clk 00:10:20]} {[%emt 00:00:21]} h4 {[%clk 00:57:47]}
{[%emt 00:00:16]} 49. gxh4+ {[%clk 00:07:35]} {[%emt 00:03:15]} Kxh4 {[%clk
00:58:07]} {[%emt 00:00:09]} 50. b4 {[%clk 00:08:00]} {[%emt 00:00:07]} Kxh3
{[%clk 00:58:31]} {[%emt 00:00:04]} 51. Nc6 {[%clk 00:06:47]} {[%emt 00:01:44]}
Kg4 {[%clk 00:58:31]} {[%emt 00:00:29]} 52. Nb8 {[%clk 00:06:54]} {[%emt
00:00:24]} Kf5 {[%clk 00:58:17]} {[%emt 00:00:43]} 53. Kc5 {[%clk 00:07:03]}
{[%emt 00:00:21]} Ke6 {[%clk 00:57:31]} {[%emt 00:01:16]} 54. Kc6 {[%clk
00:07:11]} {[%emt 00:00:23]} Nd5 {[%clk 00:57:54]} {[%emt 00:00:07]} 55. b5
{[%clk 00:07:20]} {[%emt 00:00:22]} Ke5 {[%clk 00:58:13]} {[%emt 00:00:06]} 56.
Nd7+ {[%clk 00:06:54]} {[%emt 00:00:59]} Ke6 {[%clk 00:57:35]} {[%emt
00:01:07]} 57. Nc5 {[%clk 00:06:21]} {[%emt 00:01:05]} Ke5 {[%clk 00:57:55]}
{[%emt 00:00:09]} 58. Nd3+ {[%clk 00:04:59]} {[%emt 00:01:53]} Ke6 {[%clk
00:57:59]} {[%emt 00:00:26]} 59. Nf4 {[%clk 00:04:20]} {[%emt 00:01:10]} Nxf4
{[%clk 00:57:38]} {[%emt 00:00:49]} 60. b6 {[%clk 00:04:41]} {[%emt 00:00:09]}
Nd3 {[%clk 00:57:41]} {[%emt 00:00:20]} 61. b7 {[%clk 00:03:50]} {[%emt
00:01:29]} Ne5+ {[%clk 00:58:06]} {[%emt 00:00:03]} 62. Kc7 {[%clk 00:03:17]}
{[%emt 00:01:05]} Nd7 {[%clk 00:58:29]} {[%emt 00:00:06]} 63. b8=Q {[%clk
00:03:04]} {[%emt 00:00:44]} Nxb8 {[%clk 00:58:51]} {[%emt 00:00:08]} 64. Kxb8
{[%clk 00:03:25]} {[%emt 00:00:07]} 1/2-1/2

[Event "DEM U10w 2023"]
[Site "Willingen GER"]
[Date "2023.05.28"]
[Round "2"]
[White "Berger, Jennifer"]
[Black "Nönnig, Lotte"]
[Result "1-0"]
[Termination "normal"]
[Board "7"]
[WhiteElo "1137"]
[BlackElo "1341"]
[WhiteClock "00:49:31"]
[BlackClock "00:13:33"]
[PlyCount "141"]
[WhiteFideId "34630074"]
[BlackFideId "34611509"]
[EventCountry "GER"]
[EventRounds "11"]
[EventType "swiss"]
[EventDate "2023.05.27"]

1. e4 {[%clk 01:15:51]} {[%emt 00:00:08]} e5 {[%clk 01:15:56]} {[%emt
00:00:04]} 2. Nf3 {[%clk 01:16:16]} {[%emt 00:00:06]} Nc6 {[%clk 01:16:20]}
{[%emt 00:00:06]} 3. d4 {[%clk 01:16:34]} {[%emt 00:00:12]} exd4 {[%clk
01:16:30]} {[%emt 00:00:20]} 4. Nxd4 {[%clk 01:16:56]} {[%emt 00:00:07]} Bc5
{[%clk 01:15:49]} {[%emt 00:01:12]} 5. Nb3 {[%clk 01:17:00]} {[%emt 00:00:26]}
Bb6 {[%clk 01:15:56]} {[%emt 00:00:21]} 6. Nc3 {[%clk 01:17:10]} {[%emt
00:00:21]} Nf6 {[%clk 01:15:56]} {[%emt 00:00:30]} 7. Bd3 {[%clk 01:17:07]}
{[%emt 00:00:32]} h6 {[%clk 01:15:54]} {[%emt 00:00:33]} 8. O-O {[%clk
01:16:52]} {[%emt 00:00:45]} O-O {[%clk 01:16:06]} {[%emt 00:00:18]} 9. Re1
{[%clk 01:16:17]} {[%emt 00:01:04]} d6 {[%clk 01:15:15]} {[%emt 00:01:22]} 10.
Be3 {[%clk 01:15:20]} {[%emt 00:01:26]} Re8 {[%clk 01:13:43]} {[%emt 00:02:03]}
11. Qd2 {[%clk 01:12:47]} {[%emt 00:03:03]} Be6 {[%clk 01:12:05]} {[%emt
00:02:09]} 12. Rad1 {[%clk 01:12:14]} {[%emt 00:01:02]} Bxe3 {[%clk 01:10:26]}
{[%emt 00:02:09]} 13. Rxe3 {[%clk 01:12:34]} {[%emt 00:00:10]} Ne5 {[%clk
01:08:46]} {[%emt 00:02:11]} 14. Kh1 {[%clk 01:11:02]} {[%emt 00:02:00]} d5
{[%clk 01:01:44]} {[%emt 00:07:33]} 15. exd5 {[%clk 01:11:01]} {[%emt
00:00:27]} Bxd5 {[%clk 01:02:05]} {[%emt 00:00:13]} 16. Be2 {[%clk 01:09:37]}
{[%emt 00:01:54]} c6 {[%clk 01:00:15]} {[%emt 00:02:21]} 17. Nc5 {[%clk
01:05:32]} {[%emt 00:04:34]} Qb6 {[%clk 00:57:16]} {[%emt 00:03:26]} 18. N5a4
{[%clk 01:04:08]} {[%emt 00:01:58]} Qb4 {[%clk 00:49:12]} {[%emt 00:08:32]} 19.
Nxd5 {[%clk 01:02:19]} {[%emt 00:02:19]} Nxd5 {[%clk 00:48:00]} {[%emt
00:01:43]} 20. Qxb4 {[%clk 01:02:13]} {[%emt 00:00:36]} Nxb4 {[%clk 00:48:00]}
{[%emt 00:00:30]} 21. c3 {[%clk 01:01:43]} {[%emt 00:01:00]} Nd5 {[%clk
00:46:13]} {[%emt 00:02:17]} 22. Rg3 {[%clk 01:01:11]} {[%emt 00:01:02]} Nd7
{[%clk 00:42:15]} {[%emt 00:04:28]} 23. Bg4 {[%clk 00:58:55]} {[%emt 00:02:44]}
N7b6 {[%clk 00:39:22]} {[%emt 00:03:26]} 24. Nc5 {[%clk 00:58:18]} {[%emt
00:01:06]} Nc4 {[%clk 00:37:20]} {[%emt 00:02:33]} 25. b3 {[%clk 00:58:13]}
{[%emt 00:00:34]} Na5 {[%clk 00:29:26]} {[%emt 00:07:12]} 26. h3 {[%clk
00:57:57]} {[%emt 00:01:57]} b6 {[%clk 00:28:56]} {[%emt 00:01:02]} 27. Nd3
{[%clk 00:56:08]} {[%emt 00:02:19]} Nxc3 {[%clk 00:28:31]} {[%emt 00:00:54]}
28. Ra1 {[%clk 00:54:17]} {[%emt 00:02:22]} Rad8 {[%clk 00:26:30]} {[%emt
00:02:30]} 29. b4 {[%clk 00:53:18]} {[%emt 00:01:29]} Nb7 {[%clk 00:25:30]}
{[%emt 00:02:02]} 30. a3 {[%emt 00:01:25]} Rd4 {[%clk 00:24:00]} {[%emt
00:01:58]} 31. Kh2 {[%clk 00:50:54]} {[%emt 00:02:29]} Ne4 {[%clk 00:22:48]}
{[%emt 00:01:42]} 32. Re3 {[%clk 00:49:20]} {[%emt 00:02:04]} Red8 {[%clk
00:22:38]} {[%emt 00:00:40]} 33. Ne5 {[%clk 00:49:02]} {[%emt 00:00:48]} R8d6
{[%clk 00:21:47]} {[%emt 00:01:22]} 34. Bf3 {[%clk 00:48:22]} {[%emt 00:01:09]}
Nxf2 {[%clk 00:21:17]} {[%emt 00:01:01]} 35. Bxc6 {[%clk 00:47:03]} {[%emt
00:01:48]} Nd8 {[%clk 00:21:10]} {[%emt 00:00:37]} 36. Bf3 {[%clk 00:45:36]}
{[%emt 00:01:55]} Nd3 {[%clk 00:20:56]} {[%emt 00:00:46]} 37. Nxd3 {[%clk
00:45:16]} {[%emt 00:00:50]} Rxd3 {[%clk 00:21:14]} {[%emt 00:00:13]} 38. Re8+
{[%clk 00:45:32]} {[%emt 00:00:13]} Kh7 {[%clk 00:21:19]} {[%emt 00:00:24]} 39.
Be4+ {[%clk 00:45:58]} {[%emt 00:00:05]} g6 {[%clk 00:20:56]} {[%emt 00:00:53]}
40. Bxd3 {[%clk 00:45:15]} {[%emt 00:01:14]} Rxd3 {[%clk 00:20:16]} {[%emt
00:01:10]} 41. Rf1 {[%clk 00:44:15]} {[%emt 00:01:30]} Kg7 {[%clk 00:19:08]}
{[%emt 00:01:37]} 42. Rfe1 {[%clk 00:44:23]} {[%emt 00:00:22]} Ne6 {[%clk
00:19:09]} {[%emt 00:00:29]} 43. Re7 {[%clk 00:44:33]} {[%emt 00:00:20]} Rxa3
{[%clk 00:19:19]} {[%emt 00:00:20]} 44. Rf1 {[%clk 00:44:48]} {[%emt 00:00:14]}
Ng5 {[%clk 00:19:33]} {[%emt 00:00:17]} 45. h4 {[%clk 00:45:06]} {[%emt
00:00:12]} Kf8 {[%clk 00:19:26]} {[%emt 00:00:38]} 46. Rb7 {[%clk 00:45:23]}
{[%emt 00:00:13]} Ne6 {[%clk 00:18:04]} {[%emt 00:01:51]} 47. Rfxf7+ {[%clk
00:45:38]} {[%emt 00:00:15]} Kg8 {[%clk 00:18:17]} {[%emt 00:00:17]} 48. Rxa7
{[%clk 00:45:24]} {[%emt 00:00:45]} Rb3 {[%clk 00:18:17]} {[%emt 00:00:30]} 49.
Rfe7 {[%clk 00:45:40]} {[%emt 00:00:13]} Nf8 {[%clk 00:17:37]} {[%emt
00:01:11]} 50. Re8 {[%clk 00:45:47]} {[%emt 00:00:22]} Rxb4 {[%clk 00:17:44]}
{[%emt 00:00:23]} 51. Raa8 {[%clk 00:46:06]} {[%emt 00:00:11]} Rf4 {[%clk
00:17:51]} {[%emt 00:00:22]} 52. g3 {[%clk 00:46:09]} {[%emt 00:00:27]} Rf5
{[%clk 00:18:11]} {[%emt 00:00:12]} 53. Rab8 {[%clk 00:45:51]} {[%emt
00:00:47]} b5 {[%clk 00:17:24]} {[%emt 00:01:17]} 54. g4 {[%clk 00:46:10]}
{[%emt 00:00:10]} Rf4 {[%clk 00:17:47]} {[%emt 00:00:09]} 55. Kg3 {[%clk
00:46:31]} {[%emt 00:00:08]} Rf6 {[%clk 00:17:02]} {[%emt 00:01:13]} 56. Rxb5
{[%clk 00:46:47]} {[%emt 00:00:16]} Kg7 {[%clk 00:16:49]} {[%emt 00:00:38]} 57.
h5 {[%clk 00:46:09]} {[%emt 00:01:13]} g5 {[%clk 00:15:42]} {[%emt 00:01:38]}
58. Rf5 {[%clk 00:46:27]} {[%emt 00:00:11]} Nd7 {[%clk 00:14:44]} {[%emt
00:01:28]} 59. Re7+ {[%clk 00:46:37]} {[%emt 00:00:20]} Kg8 {[%clk 00:10:56]}
{[%emt 00:04:18]} 60. Rxd7 {[%clk 00:46:54]} {[%emt 00:00:13]} Rc6 {[%clk
00:10:32]} {[%emt 00:00:54]} 61. Ra5 {[%clk 00:46:57]} {[%emt 00:00:26]} Rf6
{[%clk 00:10:43]} {[%emt 00:00:20]} 62. Ra8+ {[%clk 00:47:03]} {[%emt
00:01:25]} Rf8 {[%clk 00:11:04]} {[%emt 00:00:09]} 63. Rxf8+ {[%clk 00:47:26]}
{[%emt 00:00:07]} Kxf8 {[%clk 00:11:28]} {[%emt 00:00:07]} 64. Kf3 {[%clk
00:47:46]} {[%emt 00:00:09]} Ke8 {[%clk 00:11:54]} {[%emt 00:00:04]} 65. Rh7
{[%clk 00:48:07]} {[%emt 00:00:09]} Kf8 {[%clk 00:12:03]} {[%emt 00:00:21]} 66.
Ke4 {[%clk 00:48:26]} {[%emt 00:00:11]} Kg8 {[%clk 00:12:20]} {[%emt 00:00:13]}
67. Ra7 {[%clk 00:48:45]} {[%emt 00:00:11]} Kh8 {[%clk 00:12:29]} {[%emt
00:00:20]} 68. Kf5 {[%clk 00:48:50]} {[%emt 00:00:26]} Kg8 {[%clk 00:12:46]}
{[%emt 00:00:13]} 69. Kf6 {[%clk 00:49:13]} {[%emt 00:00:06]} Kh8 {[%clk
00:13:08]} {[%emt 00:00:09]} 70. Kg6 {[%clk 00:49:36]} {[%emt 00:00:06]} Kg8
{[%clk 00:13:33]} {[%emt 00:00:06]} 71. Ra8# {[%clk 00:49:31]} {[%emt
00:00:05]} 1-0